Country Neighbors (Record no. 253795)
[ view plain ]
| 000 -LEADER | |
|---|---|
| fixed length control field | 00996cam a22002533a 4500 |
| 001 - CONTROL NUMBER | |
| control field | 24540 |
| 003 - CONTROL NUMBER IDENTIFIER | |
| control field | PGUSA |
| 005 - DATE AND TIME OF LATEST TRANSACTION | |
| control field | 20140828083527.0 |
| 008 - FIXED-LENGTH DATA ELEMENTS--GENERAL INFORMATION | |
| fixed length control field | 080207s2008||||xxu|||||s|||||000 1 eng d |
| 040 ## - CATALOGING SOURCE | |
| Original cataloging agency | PGUSA |
| Language of cataloging | eng |
| 042 ## - AUTHENTICATION CODE | |
| Authentication code | dc |
| 050 #4 - LIBRARY OF CONGRESS CALL NUMBER | |
| Classification number | PS |
| 100 1# - MAIN ENTRY--PERSONAL NAME | |
| Personal name | Brown, Alice, |
| Dates associated with a name | 1857-1948 |
| 245 10 - TITLE STATEMENT | |
| Title | Country Neighbors |
| Medium | [electronic resource] / |
| Statement of responsibility, etc | Alice Brown |
| 260 ## - PUBLICATION, DISTRIBUTION, ETC. (IMPRINT) | |
| Name of publisher, distributor, etc | Project Gutenberg, |
| Date of publication, distribution, etc | 2008 |
| 505 0# - FORMATTED CONTENTS NOTE | |
| Formatted contents note | The play house -- His first wife -- A flower of April -- The auction -- Saturday night -- A grief deferred -- The challenge -- Partners -- Flowers of paradise -- Gardener Jim -- The silver tea-set -- The other Mrs. Dill -- The advocate -- The masquerade -- A poetess in spring -- The master minds of history. |
| 506 ## - RESTRICTIONS ON ACCESS NOTE | |
| Terms governing access | Public domain in the USA. |
| 516 ## - TYPE OF COMPUTER FILE OR DATA NOTE | |
| Type of computer file or data note | Electronic text |
| 653 ## - INDEX TERM--UNCONTROLLED | |
| Uncontrolled term | American fiction -- 20th century |
| 653 ## - INDEX TERM--UNCONTROLLED | |
| Uncontrolled term | Country life -- Fiction |
| 830 #0 - SERIES ADDED ENTRY--UNIFORM TITLE | |
| Uniform title | Project Gutenberg |
| Volume number/sequential designation | 24540 |
| 856 40 - ELECTRONIC LOCATION AND ACCESS | |
| Uniform Resource Identifier | <a href="http://www.gutenberg.org/ebooks/24540">http://www.gutenberg.org/ebooks/24540</a> |
| 942 ## - ADDED ENTRY ELEMENTS (KOHA) | |
| Koha item type | eBooks |
| Withdrawn status | Lost status | Damaged status | Home library | Current library | Date acquired | Total Checkouts | Date last seen | Price effective from | Koha item type |
|---|---|---|---|---|---|---|---|---|---|
| Project Gutenberg | Project Gutenberg | 08/28/2014 | 08/28/2014 | 08/28/2014 | eBooks |